Novels 1875 - 1886
Guardat en:
| Autor principal: | |
|---|---|
| Format: | Llibre |
| Idioma: | Undetermined |
| Publicat: |
New York, NY
The Library of America
1982
|
| Matèries: | |
| Etiquetes: |
Afegir etiqueta
Sense etiquetes, Sigues el primer a etiquetar aquest registre!
|
| Thư viện lưu trữ: | Trung tâm Học liệu Trường Đại học Cần Thơ |
|---|
| LEADER | 00603nam a2200217Ia 4500 | ||
|---|---|---|---|
| 001 | CTU_125610 | ||
| 008 | 210402s9999 xx 000 0 und d | ||
| 020 | |c 28 | ||
| 082 | |a 813.4 | ||
| 082 | |b H859 | ||
| 100 | |a Howells, William Dean | ||
| 245 | 0 | |a Novels 1875 - 1886 | |
| 245 | 0 | |c William Dean Howells; Edited by Edwin H. Cady | |
| 260 | |a New York, NY | ||
| 260 | |b The Library of America | ||
| 260 | |c 1982 | ||
| 650 | |a American literature,American fiction | ||
| 650 | |x 19th century | ||
| 650 | |y 19th century | ||
| 904 | |i Minh | ||
| 980 | |a Trung tâm Học liệu Trường Đại học Cần Thơ | ||